|
|
|
|
| LEADER |
01148nam a2200337 a 4500 |
| 001 |
001431218 |
| 003 |
CZ BrMZK |
| 005 |
20141106082347.0 |
| 007 |
ta |
| 008 |
141023s2012 xxua e e 001 0 eng |
| 020 |
|
|
|a 978-1-60469-205-1
|q (váz.)
|
| 040 |
|
|
|a BOA001
|b cze
|
| 072 |
|
7 |
|a 58
|x Botanika
|2 Konspekt
|9 2
|
| 080 |
|
|
|a 582.521.11
|2 MRF
|
| 080 |
|
|
|a (031)
|2 MRF
|
| 100 |
1 |
|
|a Riffle, Robert Lee,
|d 1940-2006
|7 mzk2014845122
|4 aut
|
| 245 |
1 |
4 |
|a The encyclopedia of cultivated palms /
|c Robert Lee Riffle, Paul Craft, Scott Zona
|
| 246 |
3 |
0 |
|a Cultivated palms
|
| 250 |
|
|
|a 2nd ed.
|
| 260 |
|
|
|a Portland, Oregon :
|b Timber Press,
|c 2012
|
| 300 |
|
|
|a 517 s. :
|b barev. il. ;
|c 29 cm
|
| 500 |
|
|
|a Terminologický slovník
|
| 504 |
|
|
|a Obsahuje bibliografii a rejstřík
|
| 650 |
0 |
7 |
|a palmy
|7 ph123914
|2 czenas
|
| 655 |
|
7 |
|a encyklopedie
|7 fd132201
|2 czenas
|
| 700 |
1 |
|
|a Craft, Paul,
|d 1950-
|7 mzk2014845123
|4 aut
|
| 700 |
1 |
|
|a Zona, Scott
|7 mzk2014845124
|4 aut
|
| 910 |
|
|
|a BOA001
|b 4-1334.128
|
| 990 |
|
|
|a BK
|
| 991 |
|
|
|b 201411
|c NOV
|j 582 RIF
|e n
|
| 996 |
6 |
|
|b 2610608396
|c 4-1334.128
|l MZK
|r STM 6p
|n 0
|p kup
|h 582 RIF
|w 001466058
|u 000010
|a 0
|e BOA001
|j MZK50
|s P
|